| 000 | 00793nam a2200241 i 4500 | ||
|---|---|---|---|
| 001 | 17335 | ||
| 003 | ES-MaACL | ||
| 005 | 20250904234451.0 | ||
| 007 | t| | ||
| 008 | 010131s2000 sp ||||1| spa d | ||
| 020 | _a84-8403-563-8 | ||
| 080 | _a821.412'01-34(082.2) | ||
| 245 | 0 | 0 |
_aCuentos clásicos del antiguo Egipto / _ctraducción y recopilación: Felipe Sen, Angel Sánchez. |
| 260 |
_aArganda del Rey (Madrid) : _bEdimat, _c[2000] |
||
| 300 |
_a122 p. ; _c19 cm. |
||
| 490 | 1 |
_aClásicos de siempre ; _v126 |
|
| 650 | 1 | 4 |
_aCuentos- _zEgipto. _911477 |
| 700 | 1 |
_aSen, Felipe ( _d1927-) _9105427 |
|
| 700 | 1 |
_aSánchez Rodríguez, Ángel, _d1955- _9170159 |
|
| 830 | 0 |
_aClásicos de siempre ; _v126 _9184072 |
|
| 852 |
_aES-MaACL _jL-24092 _bR.129449 |
||
| 999 |
_c17335 _d17335 |
||